| 000 | 00951nam a22003137a 4500 | ||
|---|---|---|---|
| 003 | CHAP | ||
| 005 | 20220329141730.0 | ||
| 008 | 971013s1967 mx a r 00010 spa d | ||
| 010 | _a72978 | ||
| 011 | _a73950 | ||
| 035 | _a83508 | ||
| 040 | _cCHAP | ||
| 090 | _aTesis | ||
| 100 | 0 | 0 |
_aGarcía Fricke, Julio. _945995 |
| 245 | 1 | _aAcción del tetrazolium sobre los embriones de trigo | |
| 260 |
_aMéxico, D.F. : _bEl autor, _c1967 |
||
| 300 |
_a33 h. : _bilus. |
||
| 502 | _aTesis (Biólogo) -- UNAM. Fac. de Ciencias | ||
| 590 |
_aALEPH _b10 _c20130110 _lUCH01 _h1415 |
||
| 590 |
_aBATCH-UPD _b10 _c20130110 _lUCH01 _h0701 |
||
| 590 |
_aBATCH-UPD _b10 _c20130410 _lUCH01 _h0347 |
||
| 590 |
_aBATCH-UPD _b10 _c20130914 _lUCH01 _h1527 |
||
| 590 |
_aCONVERSION _b10 _c20130109 _lUCH01 _h1340 |
||
| 650 | 1 | 4 |
_aTetrazolium. _9112503 |
| 650 | 1 | 4 |
_aTrigo _xGerminación. _9115031 |
| 901 | _aBK | ||
| 942 | _cLIBRO | ||
| 949 |
_bBC _cTES _d-38100 _eLIBRO _i83508 _si |
||
| 999 |
_c72978 _d72978 |
||